[Event "ICS rated blitz match"]
[Site "204.178.125.65"]
[Date "1999.09.30"]
[Round "?"]
[White "Beadle"]
[Black "Hossa"]
[Result "1-0"]
[WhiteElo "2444"]
[BlackElo "2482"]
[Annotator "Fritz 5.32 (20s)"]
[PlyCount "88"]
[EventDate "1999.??.??"]

1. e4 d5 2. exd5 Nf6 3. d4 Nxd5 4. Nf3 Bf5 5. Bd3 Bxd3 6. Qxd3 Nc6 7. c4 (7.
O-O e6 8. c4 Nf6 9. Nc3 Be7 10. Bf4 (10. Bg5 O-O 11. Rad1 Nb4 12. Qe2 c6 13.
Rfe1 h6 14. Bh4 Re8 15. h3 Qa5 16. a3 Na6 17. Qc2 Nc7 18. Bg3 Rac8 19. Re2 {
- Medunova,V-Krajnak,M/Olomouc 1998/EXT 99 (19)}) 10... O-O 11. Rad1 Qd7 12.
Ne5 Qe8 13. Qf3 Bd6 14. c5 Bxe5 15. dxe5 Nd7 16. Qg3 Ne7 17. Ne4 Ng6 18. h4
Nxf4 19. Qxf4 Qe7 20. b4 a5 21. a3 axb4 22. axb4 Ra3 23. Rd4 Rfa8 24. g3 Ra1
25. Rxa1 Rxa1+ 26. Kg2 h6 27. Nc3 Ra8 28. Qe4 Rb8 29. Nb5 Nf8 30. Rd3 b6 31.
Nd4 Qe8 32. Nc6 Rc8 33. cxb6 cxb6 34. b5 Nd7 35. Rd6 Nc5 36. Qe3 Ra8 37. h5 Kh7
38. g4 Qg8 39. Rd4 g6 40. hxg6+ Qxg6 41. Qf3 41... Rf8 {
- Mikhalchishin,A-Ubilava,E/Rostov 1980/EXT 99 (41)}) 7... Ndb4 $146 (7... Nb6
8. a3 e6 9. b4 Be7 10. Bd2 O-O 11. b5 Nb8 12. h4 N8d7 13. Nc3 Re8 14. Ne4 Nf6
15. Nfg5 Nxe4 16. Qxe4 Bxg5 17. hxg5 g6 18. Qh4 h5 19. gxh6 Qxh4 20. Rxh4 Kh7
21. Rc1 Rad8 22. Rc3 Rd7 23. Rc1 f6 24. Be3 g5 25. Rh3 Kg6 26. Rg3 Kxh6 27. f4
gxf4 28. Bxf4+ Kh7 29. Ke2 Rd5 30. Rh1+ Rh5 31. Rxh5# {
1-0 Hopper,P-Abdul Satar,M/Mamaia 1991/EXT 97 (31)}) 8. Qb3 8... e5 $14 (8...
b5 9. O-O bxc4 10. Qxc4 $11) 9. d5 {Weiss erobert Raum} (9. Nxe5 $4 {
den sollte Weiss lieber stehen lassen} 9... Nxd4 10. Qa4+ b5 11. cxb5 Ndc2+ 12.
Ke2 Qd5 (12... Nxa1 $143 13. a3 Qd5 14. b6+ c6 15. axb4 Qxe5+ 16. Kd1 Qd4+ 17.
Bd2 Qxb6 18. Re1+ Be7 19. Re2 $19) 13. b6+ 13... c6 $19) 9... Na5 10. Qa4+ c6
11. Nxe5 b5 12. cxb5 Qxd5 13. O-O {Weiss droht, mit Re1 kontern} (13. Qxa5 Nc2+
14. Ke2 Qxe5+ (14... Nxa1 $6 15. Nxc6 Qxg2 16. Qe1 $17) 15. Kd1 Rd8+ (15...
Nxa1 {ist sichtlich schlechter} 16. Re1 Rd8+ 17. Qxd8+ Kxd8 18. Rxe5 $18) 16.
Nd2 16... Bb4 $15 (16... Nxa1 $143 17. Re1 Qxe1+ 18. Kxe1 $14)) 13... Qxe5 ({
Weniger gut ist} 13... cxb5 14. Qxa5 Qxe5 15. Na3 $16) 14. Na3 14... Bd6 {
Droht Matt: Qxh2} 15. g3 15... Nb7 $16 (15... Nd3 16. Qxa5 Bxa3 17. Qxa3 Qxb5
18. Rd1 $16) 16. bxc6 {Auf den muss Schwarz aufpassen} 16... Nd8 17. Nc4 17...
Qe6 $18 (17... Qc5 18. Nxd6+ Qxd6 19. c7+ Ndc6 20. Re1+ Kd7 21. Rd1 Qxd1+ 22.
Qxd1+ Kxc7 23. Bf4+ Kb6 24. Qd7 $18) 18. Nxd6+ Qxd6 19. Bf4 (19. c7+ $5 19...
Ndc6 20. Re1+ 20... Kd7 $18) 19... Qxc6 {
Die Oeffnung der c-Linie verschafft Weiss Drohungen} 20. Rfe1+ Ne6 21. Qxb4
21... Rc8 $2 (21... a5 22. Qa3 22... Qb5 $18) 22. Rac1 Qd7 23. Rcd1 {Droht Matt
} 23... Qc6 24. Bg5 {Es droht Matt} 24... Qc7 25. Rc1 {Droht Matt} 25... Rb8
26. Rxc7 (26. Qd4 $1 $142 {damit wuerde Weiss es sich noch erleichtern} 26...
O-O 27. Rxe6 27... Qa5 $18) 26... Rxb4 27. Rxe6+ (27. Rc8+ {
waere im Gewinnsinne praeziser} 27... Kd7 28. Rxh8 Nxg5 29. Rd1+ 29... Ke7 $18)
27... fxe6 28. Rc8+ Kf7 29. Rxh8 Rxb2 30. Be3 (30. Rxh7 $6 30... Kg6 31. Rh4
31... Kxg5 $18) 30... Rxa2 31. Rxh7 e5 (31... Kg6 32. Rh4 $18) 32. Kg2 a5 33.
Kf3 Ra4 34. Bb6 Ra2 35. Rh5 {Weiss ergreift die Initiative} 35... a4 (35... Ke6
{nuetzt auch nichts mehr} 36. Bc7 Ra3+ 37. Ke4 Ra4+ 38. Kd3 Rd4+ 39. Kc3 $18)
36. Rxe5 Rc2 37. Bd4 Rd2 38. Ke3 Rd1 (38... Ra2 {aendert nichts mehr} 39. Rf5+
Ke6 40. Rg5 $18) 39. Ra5 g6 (39... g5 {hilft allerdings auch nicht} 40. Rxa4
Ke6 41. Ke4 $18) 40. Rxa4 Re1+ (40... g5 {hilft auch nicht mehr} 41. f4 Rh1 42.
fxg5 Re1+ 43. Kf4 Rf1+ 44. Kg4 $18) 41. Kf4 Re7 42. Ra7 Rxa7 43. Bxa7 Kg7 44.
Kg5 Kf7 1-0

[Event "ICS rated blitz match"]
[Site "204.178.125.65"]
[Date "1999.09.25"]
[Round "?"]
[White "Beadle"]
[Black "Hossa"]
[Result "1-0"]
[WhiteElo "2466"]
[BlackElo "2483"]
[PlyCount "125"]
[EventDate "1999.??.??"]

1. d4 Nf6 2. Nf3 g6 3. Nc3 d5 4. Bf4 Nh5 5. Be5 f6 6. Bg3 Nxg3 7. hxg3 e6 8. e3
Bg7 9. Bd3 O-O 10. O-O e5 11. e4 c6 12. Re1 Bg4 13. dxe5 fxe5 14. a4 a6 15. Ra3
b6 16. Rb3 d4 17. Nb1 Be6 18. Ra3 Nd7 19. Nbd2 Nc5 20. Bc4 Qe7 21. Bxe6+ Qxe6
22. b4 Nd7 23. a5 c5 24. bxc5 Nxc5 25. axb6 Qxb6 26. Qe2 Kh8 27. Rb1 Qd6 28.
Nc4 Qe7 29. Nfd2 Rab8 30. Rxb8 Rxb8 31. Qg4 Rf8 32. Qh3 Qb7 33. Qh4 Bf6 34. Qh6
Kg8 35. f3 Bg7 36. Qh4 Qb4 37. Qe7 Rf7 38. Qd8+ Rf8 39. Qd6 Rf6 40. Qxe5 Kh8
41. Qd5 Rf8 42. Ra5 Rc8 43. e5 Nb7 44. Rxa6 Rd8 45. Qc6 Qe7 46. Ra7 Rb8 47. Nb3
Nd8 48. Qb5 Rb7 49. Rxb7 Nxb7 50. Nxd4 Qf7 51. f4 Qe7 52. Qc6 Nd8 53. Qc8 Bf8
54. Nd6 Qa7 55. c3 Kg7 56. Qxd8 Be7 57. Qe8 Qa1+ 58. Kh2 Bxd6 59. Ne6+ Kh6 60.
Qd8 Be7 61. Qxe7 Qh1+ 62. Kxh1 g5 63. Qxg5# {Hossa checkmated} 1-0

[Event "ICS rated blitz match"]
[Site "204.178.125.65"]
[Date "1999.08.29"]
[Round "?"]
[White "Biblos"]
[Black "Hossa"]
[Result "0-1"]
[WhiteElo "2416"]
[BlackElo "2487"]
[PlyCount "88"]
[EventDate "1999.??.??"]

1. e4 Nf6 2. e5 Nd5 3. d4 d6 4. Nf3 Bg4 5. Be2 dxe5 6. Nxe5 Bxe2 7. Qxe2 Nd7 8.
O-O e6 9. Rd1 Bd6 10. Nxd7 Qxd7 11. c4 Nf6 12. d5 e5 13. Bg5 Qg4 14. Qxg4 Nxg4
15. h3 Nf6 16. Bxf6 gxf6 17. Nc3 O-O-O 18. Ne4 f5 19. Ng5 Rd7 20. Rac1 e4 21.
h4 Be5 22. b3 Bf6 23. f4 h6 24. Nh3 Bxh4 25. Rc3 Rg8 26. Kh2 Rd6 27. g3 Be7 28.
c5 Rd7 29. d6 Bf8 30. Rdc1 Kb8 31. dxc7+ Kxc7 32. Nf2 Bg7 33. R3c2 Kc6 34. Nd1
Bd4 35. a4 a5 36. Rc4 Rg4 37. R4c2 Rd5 38. Kg2 Rg8 39. Nf2 Be3 40. Re1 Bxf4 41.
Nh1 Bxg3 42. Nxg3 Rd3 43. Kh2 Rgxg3 44. Rf1 44... Rgf3 {Biblos resigns} 0-1

[Event "ICS rated blitz match"]
[Site "204.178.125.65"]
[Date "1999.08.29"]
[Round "?"]
[White "Biblos"]
[Black "Hossa"]
[Result "1-0"]
[WhiteElo "2344"]
[BlackElo "2468"]
[PlyCount "27"]
[EventDate "1999.??.??"]

1. e4 c5 2. Nf3 e6 3. c3 d5 4. e5 Ne7 5. d4 cxd4 6. cxd4 Nec6 7. Nc3 Be7 8. Bd3
Nd7 9. h4 O-O 10. Bxh7+ Kxh7 11. Ng5+ Kg8 12. Qh5 Nf6 13. exf6 Nxd4 14. Qh7# {
Hossa checkmated} 1-0

[Event "ICS rated blitz match"]
[Site "204.178.125.65"]
[Date "1999.08.29"]
[Round "?"]
[White "BigCountry"]
[Black "Hossa"]
[Result "0-1"]
[WhiteElo "2028"]
[BlackElo "2508"]
[PlyCount "23"]
[EventDate "1999.??.??"]

1. d4 d5 2. c4 e6 3. cxd5 exd5 4. Nc3 Bb4 5. Bd2 Ne7 6. Qa4+ Nbc6 7. e4 dxe4 8.
Nxe4 Qxd4 9. Bxb4 Qxe4+ 10. Be2 Qxb4+ 11. Qxb4 Nxb4 12. Nf3 {BigCountry resigns
} 0-1

[Event "ICS rated blitz match"]
[Site "204.178.125.65"]
[Date "1999.09.06"]
[Round "?"]
[White "BlackSun"]
[Black "Hossa"]
[Result "0-1"]
[WhiteElo "2284"]
[BlackElo "2467"]
[PlyCount "50"]
[EventDate "1999.??.??"]

1. e4 e5 2. Nf3 Nc6 3. d4 exd4 4. c3 dxc3 5. Bc4 cxb2 6. Bxb2 Bb4+ 7. Nc3 Nh6
8. Qb3 O-O 9. O-O-O Bc5 10. Qc2 Nb4 11. Qe2 Ng4 12. Rdf1 d6 13. h3 Ne5 14. Nxe5
dxe5 15. Rd1 Qg5+ 16. Kb1 Qxg2 17. Rdg1 Qxf2 18. Qh5 Qc2+ 19. Ka1 Bxg1 20. Rxg1
Qh2 21. Qg5 g6 22. Nb5 Qf4 23. Nxc7 Nc2+ 24. Kb1 Qxe4 25. Rg4 25... Na3+ {
BlackSun resigns} 0-1

[Event "ICS rated blitz match"]
[Site "204.178.125.65"]
[Date "1999.10.09"]
[Round "?"]
[White "Botman"]
[Black "Hossa"]
[Result "1-0"]
[WhiteElo "2372"]
[BlackElo "2427"]
[PlyCount "67"]
[EventDate "1999.??.??"]

1. d4 e6 2. c4 c5 3. d5 exd5 4. cxd5 Ne7 5. e4 Ng6 6. Nf3 Be7 7. d6 Bf6 8. Bc4
O-O 9. O-O Nc6 10. Qd5 b6 11. Nc3 Bb7 12. Qf5 Nh4 13. Nxh4 Nd4 14. Qg4 Bxh4 15.
Bf4 Re8 16. e5 g6 17. Rac1 a6 18. Nd5 Ne6 19. Bg3 Bxg3 20. Nf6+ Kh8 21. fxg3
Rf8 22. Qh4 h5 23. Bxe6 fxe6 24. g4 Kg7 25. gxh5 Rh8 26. Qg5 Rh6 27. hxg6 Bxg2
28. Nh5+ Rxh5 29. Qxh5 Qh8 30. Rf7+ Kg8 31. Rh7 Qg7 32. Rxg7+ Kxg7 33. Qh7+ Kf8
34. Qh8# {Hossa checkmated} 1-0

[Event "ICS rated blitz match"]
[Site "204.178.125.65"]
[Date "1999.10.11"]
[Round "?"]
[White "Botman"]
[Black "Hossa"]
[Result "1-0"]
[WhiteElo "2576"]
[BlackElo "2487"]
[PlyCount "80"]
[EventDate "1999.??.??"]

1. e4 c5 2. Nf3 e6 3. d4 cxd4 4. Nxd4 Nf6 5. Nc3 d6 6. g4 Nfd7 7. Be3 Be7 8.
Ndb5 Nb6 9. a4 O-O 10. a5 N6d7 11. Nxa7 Nc6 12. Nxc6 bxc6 13. a6 Ne5 14. Be2 f5
15. gxf5 exf5 16. Nd5 fxe4 17. Nb6 Be6 18. Nxa8 Qxa8 19. O-O Nf3+ 20. Bxf3 Rxf3
21. Qe2 Bh3 22. Rfe1 d5 23. c4 Bh4 24. cxd5 Qc8 25. Kh1 cxd5 26. Bd4 Qa8 27.
Rec1 Be7 28. Rc7 Rf7 29. Qh5 Bc8 30. a7 Bf5 31. Rxe7 Rxe7 32. Qxf5 Rf7 33. Qe5
h6 34. Rg1 Qxa7 35. Bxa7 Rb7 36. Qxd5+ Rf7 37. Bd4 g5 38. Rxg5+ hxg5 39. Qxg5+
Kh7 40. Qh5+ 40... Kg8 {Hossa resigns} 1-0

[Event "ICS rated blitz match"]
[Site "204.178.125.65"]
[Date "1999.10.10"]
[Round "?"]
[White "Botman"]
[Black "Hossa"]
[Result "1-0"]
[WhiteElo "2523"]
[BlackElo "2452"]
[PlyCount "139"]
[EventDate "1999.??.??"]

1. e4 c5 2. Nc3 e6 3. g3 d5 4. exd5 exd5 5. Bg2 d4 6. Qe2+ Be7 7. Nd5 Nc6 8. d3
Be6 9. Nxe7 Ngxe7 10. Nf3 O-O 11. O-O Re8 12. Re1 Ng6 13. Bg5 Qd7 14. Qd1 Bh3
15. Bh1 Qg4 16. Bd2 Rxe1+ 17. Qxe1 Qd7 18. Ng5 Re8 19. Qd1 Bg4 20. f3 Be6 21.
Bg2 Nge5 22. Qe2 Bd5 23. Ne4 b6 24. f4 Ng4 25. h3 Nh6 26. Re1 Re6 27. Qf3 Ne7
28. Qf2 f5 29. Ng5 Rxe1+ 30. Qxe1 Bxg2 31. Kxg2 a6 32. Kf2 Nf7 33. Qe6 Qxe6 34.
Nxe6 Nc6 35. c3 Nd6 36. Nc7 a5 37. Nd5 b5 38. Nb6 dxc3 39. Bxc3 h5 40. Nd7 Nb7
41. Ne5 Ne7 42. Ke2 Nd5 43. Bd2 a4 44. Be3 b4 45. Nd7 Nxe3 46. Kxe3 a3 47. bxa3
bxa3 48. Kd2 c4 49. dxc4 Nd6 50. c5 Ne4+ 51. Ke3 Kf7 52. g4 hxg4 53. hxg4 Ke6
54. gxf5+ Kd5 55. Nb6+ Kxc5 56. Kxe4 Kxb6 57. Kd5 Kb5 58. Ke6 Kc4 59. Kf7 Kc3
60. Kxg7 Kd3 61. f6 Kc2 62. f7 Kd3 63. f8=Q Ke3 64. f5 Ke4 65. f6 Kd4 66. Qb4+
Kd5 67. f7 Ke6 68. f8=Q Ke5 69. Qfd6+ Kf5 70. Qf6# {Hossa checkmated} 1-0

[Event "ICS rated blitz match"]
[Site "204.178.125.65"]
[Date "1999.10.10"]
[Round "?"]
[White "Botman"]
[Black "Hossa"]
[Result "0-1"]
[WhiteElo "2528"]
[BlackElo "2451"]
[PlyCount "136"]
[EventDate "1999.??.??"]

1. e4 e5 2. Nf3 Nc6 3. Bc4 Bc5 4. c3 Nf6 5. d4 exd4 6. cxd4 Bb4+ 7. Nc3 Nxe4 8.
O-O Bxc3 9. d5 Bf6 10. Re1 Ne7 11. Rxe4 d6 12. Bg5 Bxg5 13. Nxg5 O-O 14. Nxh7
Kxh7 15. Qh5+ Kg8 16. Rh4 f6 17. Qh7+ Kf7 18. Qh5+ Ng6 19. Bd3 f5 20. Bxf5 Bxf5
21. Rf4 Kg8 22. Rxf5 Nf4 23. Qg4 Rxf5 24. Qxf5 Qf8 25. Qe4 Re8 26. Qb4 b6 27.
Rd1 Re5 28. Qb3 Nxd5 29. Qc4 Qe8 30. g3 b5 31. Qd4 c5 32. Qd3 c4 33. Qa3 Re1+
34. Rxe1 Qxe1+ 35. Kg2 Qe4+ 36. Kg1 Qd4 37. Qf3 Qe5 38. Kf1 b4 39. Qg4 Nb6 40.
Qd1 Qxb2 41. Qxd6 Qb1+ 42. Kg2 Qxa2 43. Qxb4 Qe2 44. Qa5 Qe4+ 45. Kg1 Qe7 46.
h3 Qd7 47. Kh2 Nd5 48. Qa2 c3 49. Qc2 a5 50. g4 a4 51. Kg3 Qd6+ 52. Kf3 Nb4 53.
Qxa4 c2 54. Qa3 Qd5+ 55. Ke3 Qc5+ 56. Ke4 c1=Q 57. Qxc1 Qxc1 58. f3 g5 59. Kd4
Qf4+ 60. Kc3 Qxf3+ 61. Kxb4 Qxh3 62. Kc5 Qxg4 63. Kd5 Qb4 64. Ke6 Qc5 65. Kf6
Qe3 66. Kg6 Qf4 67. Kh5 Kf7 68. Kh6 68... Qh4# {Botman checkmated} 0-1

[Event "ICS rated blitz match"]
[Site "204.178.125.65"]
[Date "1999.10.10"]
[Round "?"]
[White "Botman"]
[Black "Hossa"]
[Result "1-0"]
[WhiteElo "2515"]
[BlackElo "2443"]
[PlyCount "163"]
[EventDate "1999.??.??"]

1. d4 Nf6 2. c4 g6 3. Nc3 Bg7 4. e4 d6 5. f3 O-O 6. Be3 Nc6 7. Nge2 e5 8. d5
Ne7 9. Qd2 c6 10. dxc6 bxc6 11. Rd1 d5 12. exd5 cxd5 13. cxd5 Bb7 14. d6 Nf5
15. Ng3 Nxe3 16. Qxe3 Qa5 17. Bc4 Rfc8 18. Bb3 Qa6 19. Nge2 Rc6 20. O-O Rxd6
21. Qxe5 Nd5 22. Qg3 Nxc3 23. Nxc3 Rad8 24. Qf4 Qb6+ 25. Kh1 R6d7 26. Rxd7 Rxd7
27. Rd1 Qf2 28. Qb8+ Bf8 29. h3 Bxf3 30. gxf3 Qxf3+ 31. Kg1 Qxh3 32. Rxd7 Qxd7
33. Nd5 Qg4+ 34. Kf1 Qf3+ 35. Ke1 Qe4+ 36. Kf2 Qd4+ 37. Kf3 Kg7 38. Qc7 Bc5 39.
Nf4 Qe3+ 40. Kg2 Qf2+ 41. Kh3 Qf1+ 42. Ng2 Qf5+ 43. Kh2 Bd4 44. Qc1 h6 45. Bc4
Qe5+ 46. Kh3 Bxb2 47. Qf4 Qh5+ 48. Qh4 Qf5+ 49. Kh2 Bf6 50. Qe1 Qh5+ 51. Kg3
Be5+ 52. Kf2 Bd4+ 53. Kg3 Qc5 54. Qf1 Qg5+ 55. Kh3 Qh5+ 56. Kg3 Be5+ 57. Kf2
Qg4 58. Qd3 Bd4+ 59. Ke1 f6 60. Bd5 Kh7 61. Qc4 Qg3+ 62. Kd2 Qe5 63. Bc6 Kg7
64. Kd3 Bb6 65. Nf4 Qe1 66. Ne6+ Kh8 67. Kc2 Be3 68. Bd5 Qc1+ 69. Kd3 Qd2+ 70.
Ke4 f5+ 71. Ke5 Qb2+ 72. Kd6 Qa3+ 73. Kd7 Kh7 74. Qc7 Bb6 75. Qe5 Qa4+ 76. Ke7
Bd8+ 77. Kxd8 Qh4+ 78. Ke8 Qa4+ 79. Ke7 Qh4+ 80. Kf7 Qe7+ 81. Kxe7 a5 82. Qg7#
{Hossa checkmated} 1-0

[Event "ICS rated blitz match"]
[Site "204.178.125.65"]
[Date "1999.10.16"]
[Round "?"]
[White "Botman"]
[Black "Hossa"]
[Result "1/2-1/2"]
[WhiteElo "2578"]
[BlackElo "2527"]
[PlyCount "192"]
[EventDate "1999.??.??"]

1. e4 c6 2. d4 d5 3. exd5 cxd5 4. c4 Nf6 5. Nc3 e6 6. Nf3 Be7 7. cxd5 Nxd5 8.
Bd3 Nc6 9. O-O O-O 10. Re1 Bd7 11. Nxd5 exd5 12. Ne5 Bb4 13. Bd2 Bxd2 14. Qxd2
Rc8 15. Rac1 Re8 16. Nxd7 Qxd7 17. Qf4 Nb4 18. Bf5 Rxc1 19. Qxc1 Qc6 20. Rxe8+
Qxe8 21. a3 Nc6 22. Qe3 Kf8 23. Kf1 Qxe3 24. fxe3 h5 25. Bc8 Na5 26. Ke2 Ke7
27. b4 Kd8 28. Bf5 Nc4 29. a4 Nd6 30. Bd3 f5 31. Kf3 Ke7 32. Be2 h4 33. Bd3 b6
34. Kf4 Kf6 35. Ba6 g5+ 36. Kf3 Ke6 37. g4 hxg3 38. Kxg3 Ne4+ 39. Kf3 Nc3 40.
Bc8+ Kf6 41. Bb7 a5 42. bxa5 bxa5 43. h3 Kf7 44. Bc6 Ke6 45. Be8 Ne4 46. Bg6
Nd6 47. Bh5 Kf6 48. Ke2 g4 49. hxg4 Kg5 50. Kf3 Ne4 51. Be8 fxg4+ 52. Ke2 g3
53. Kf3 Kh4 54. Bd7 Nd2+ 55. Kg2 Nc4 56. Kf3 g2 57. Kxg2 Nxe3+ 58. Kf2 Nc2 59.
Be6 Nb4 60. Ke3 Kg5 61. Bd7 Nc2+ 62. Kd3 Ne1+ 63. Kd2 Ng2 64. Kc3 Kf4 65. Bh3
Kf3 66. Kd2 Ne3 67. Kd3 Nd1 68. Kd2 Nb2 69. Bd7 Ke4 70. Kc2 Nd3 71. Kc3 Ke3 72.
Be6 Nf4 73. Bxd5 Nxd5+ 74. Kc4 Ke4 75. Kb5 Kd3 76. Kxa5 Kc4 77. Ka6 Kb4 78. Kb7
Nf4 79. Kb8 Kc4 80. Kc8 Ne2 81. Kd8 Kd5 82. Ke8 Nf4 83. Kf8 Kc4 84. a5 Kb5 85.
Kg8 Ka6 86. Kh8 Ne6 87. Kg8 Ng5 88. Kh8 Nf7+ 89. Kg8 Nd6 90. Kh8 Nf5 91. d5 Nd6
92. Kg8 Ne4 93. Kh8 Kxa5 94. Kg8 Kb4 95. Kh8 Kc5 96. Kg8 96... Kxd5 {
Game drawn because neither player has mating material} 1/2-1/2

[Event "ICS rated blitz match"]
[Site "204.178.125.65"]
[Date "1999.10.16"]
[Round "?"]
[White "Botman"]
[Black "Hossa"]
[Result "1-0"]
[WhiteElo "2558"]
[BlackElo "2547"]
[PlyCount "137"]
[EventDate "1999.??.??"]

1. e4 c6 2. d4 d5 3. exd5 cxd5 4. Bd3 Nc6 5. c3 Nf6 6. Bf4 Bg4 7. Qb3 b6 8. Ne2
e6 9. f3 Bh5 10. Qb5 Rc8 11. g4 Bg6 12. Bxg6 hxg6 13. Qa6 Be7 14. Nd2 Nd7 15.
Bg3 Bg5 16. Qd3 Bxd2+ 17. Qxd2 Na5 18. O-O-O Nc4 19. Qd3 Nf6 20. Be5 Nxe5 21.
dxe5 Nd7 22. f4 g5 23. f5 Nxe5 24. Qd4 Qd6 25. fxe6 fxe6 26. h3 O-O 27. Kb1 Ng6
28. Rde1 e5 29. Qd2 Nf4 30. Ng3 Rf6 31. Nf5 Qc7 32. Rhf1 Re6 33. h4 Qc4 34.
hxg5 Qd3+ 35. Kc1 Qxd2+ 36. Kxd2 Rce8 37. Re3 a6 38. Ng3 Rf8 39. Nf5 Ree8 40.
Nd6 Ng6 41. Nf5 a5 42. b3 Nf4 43. Nh4 b5 44. Nf5 Ng6 45. Rf2 Rc8 46. Rxe5 Rfe8
47. Rxd5 Rb8 48. Nd4 Ne5 49. Re2 Nxg4 50. Rxe8+ Rxe8 51. Rxb5 Ra8 52. Rf5 g6
53. Rd5 Nf2 54. Nc6 a4 55. b4 Re8 56. b5 Nh3 57. b6 Nf4 58. Rd8 Kf7 59. Rxe8
Kxe8 60. b7 Kd7 61. b8=Q Nd5 62. Ne5+ Ke6 63. Nc4 Kf7 64. Qd6 Ne7 65. Ne5+ Kf8
66. Qd8+ Kg7 67. Qxe7+ Kh8 68. Qf7 a3 69. Nxg6# {Hossa checkmated} 1-0

[Event "ICS rated blitz match"]
[Site "204.178.125.65"]
[Date "1999.10.16"]
[Round "?"]
[White "Botman"]
[Black "Hossa"]
[Result "1/2-1/2"]
[WhiteElo "2603"]
[BlackElo "2502"]
[PlyCount "196"]
[EventDate "1999.??.??"]

1. e4 c6 2. d4 d5 3. Nc3 dxe4 4. Nxe4 Nd7 5. Bc4 Ngf6 6. Ng5 e6 7. Qe2 Nb6 8.
Bd3 Qxd4 9. N1f3 Qd5 10. O-O Bc5 11. Rd1 Ng4 12. c4 Qd8 13. Ne4 Be7 14. Neg5
Bd7 15. Nh3 g6 16. Nd4 e5 17. Nb3 Qc7 18. Bg5 f6 19. Bc1 e4 20. Bf4 exd3 21.
Qxe7+ Kxe7 22. Bxc7 Nxc4 23. Rxd3 Nge5 24. Bxe5 fxe5 25. Nc5 Bf5 26. Rc3 Nxb2
27. Nxb7 Rhc8 28. Nc5 Rab8 29. Ng5 h6 30. Nf3 Kf6 31. Re1 Re8 32. a3 g5 33. Na6
Rb6 34. Nb4 g4 35. Nh4 Bd7 36. Re2 Na4 37. Rc4 Rd8 38. Re1 a5 39. Nc2 c5 40. f3
Rb2 41. Ne3 gxf3 42. Nxf3 Ra2 43. Nd5+ Kg7 44. Rxe5 Bc6 45. Rg4+ Kf7 46. Re7+
Kf8 47. Rf4+ Kg8 48. Nf6+ Kf8 49. Re1 Bxf3 50. Rxf3 Kg7 51. Ref1 Rh8 52. Rg3+
Kf7 53. Ng4+ Ke7 54. Re1+ Kd8 55. Rd3+ Kc8 56. h3 Rb2 57. Re7 Nb6 58. Rd6 h5
59. Nf6 Kb8 60. Rc6 Rb1+ 61. Kh2 Rb5 62. Re5 h4 63. Rcxc5 Rxc5 64. Rxc5 a4 65.
g4 hxg3+ 66. Kxg3 Rd8 67. Rc3 Rc8 68. Rf3 Nc4 69. h4 Rc6 70. Ne4 Rg6+ 71. Kf4
Rg1 72. Rc3 Nb6 73. Rc6 Nd5+ 74. Ke5 Ne7 75. Rh6 Rh1 76. Rh8+ Kc7 77. Rh7 Kd7
78. Nf6+ Kd8 79. h5 Re1+ 80. Kd6 Nf5+ 81. Kc5 Rf1 82. h6 Rh1 83. Rd7+ Kc8 84.
h7 Rh3 85. Rf7 Kd8 86. Nd5 Ng3 87. Rf8+ Kd7 88. h8=Q Rxh8 89. Rxh8 Ne4+ 90. Kd4
Nd2 91. Nc3 Kc6 92. Rh6+ Kd7 93. Kd5 Kc7 94. Rc6+ Kd8 95. Kd6 Nf3 96. Nxa4 Nd4
97. Rc5 Ke8 98. Kd5 98... Ne2 {
Botman ran out of time and Hossa has no material to mate} 1/2-1/2

[Event "ICS rated blitz match"]
[Site "204.178.125.65"]
[Date "1999.10.09"]
[Round "?"]
[White "Botman"]
[Black "Hossa"]
[Result "1-0"]
[WhiteElo "2265"]
[BlackElo "2479"]
[PlyCount "113"]
[EventDate "1999.??.??"]

1. e4 e6 2. d4 d5 3. Nc3 Nf6 4. e5 Ne4 5. Nxe4 dxe4 6. Be3 Nc6 7. Nh3 b6 8. Qg4
Qd5 9. Nf4 Qa5+ 10. c3 Bb7 11. Bc4 b5 12. Bb3 O-O-O 13. O-O Ne7 14. Nh5 Nf5 15.
Ng3 Nxg3 16. fxg3 h5 17. Qf4 Rd7 18. Bc2 g5 19. Qf2 Rg8 20. a4 b4 21. Rfc1 Bg7
22. Bd1 g4 23. Bb3 Re8 24. Bc4 a6 25. cxb4 Qxb4 26. Qf1 Qb6 27. Ra3 Bf8 28.
Rac3 Qa5 29. Ra1 Bg7 30. Qf2 Qb4 31. a5 Rh8 32. Qe2 Bd5 33. Bxa6+ Kb8 34. Bb5
Rdd8 35. a6 Qe7 36. Qc2 f6 37. a7+ Ka8 38. Rxc7 Qxc7 39. Qxc7 Rc8 40. Qxg7 f5
41. Bd7 Rhg8 42. Qe7 Rc7 43. Bxe6 Rxe7 44. Bxd5+ Rb7 45. Bxg8 Rd7 46. Be6 Rd8
47. Bxf5 Kb7 48. a8=Q+ Rxa8 49. Rxa8 Kxa8 50. e6 Kb7 51. e7 Kc7 52. Bf4+ Kb6
53. Bxe4 Kb5 54. e8=Q+ Kb4 55. Bd6+ Ka5 56. Qc6 h4 57. b4# {Hossa checkmated}
1-0

[Event "ICS rated blitz match"]
[Site "204.178.125.65"]
[Date "1999.10.09"]
[Round "?"]
[White "Botman"]
[Black "Hossa"]
[Result "1-0"]
[WhiteElo "2377"]
[BlackElo "2427"]
[PlyCount "104"]
[EventDate "1999.??.??"]

1. d4 d5 2. Nf3 Nf6 3. c4 c6 4. Nc3 dxc4 5. a4 c5 6. e3 cxd4 7. Bxc4 Nc6 8.
exd4 Bg4 9. d5 Bxf3 10. Qxf3 Ne5 11. Bb5+ Nfd7 12. Qe4 a6 13. Be2 Ng6 14. O-O
Nf6 15. Qf5 Qd6 16. Be3 Rd8 17. Rad1 Qb4 18. Qc2 Nf4 19. Bf3 Rc8 20. d6 Ne6 21.
Rfe1 exd6 22. a5 Nd7 23. Ra1 Ne5 24. Bd5 Nc4 25. Qe4 Qxb2 26. Bxc4 Qxc3 27.
Bxe6 Qc2 28. Bxc8+ Qxe4 29. Bb6 Qe7 30. Rxe7+ Bxe7 31. Bxb7 Bf6 32. Rc1 O-O 33.
Bxa6 Bd8 34. Bxd8 Rxd8 35. Rc8 Rf8 36. Bb7 Rxc8 37. Bxc8 g6 38. a6 Kf8 39. a7
Ke7 40. Kf1 Kf6 41. f4 g5 42. fxg5+ Kxg5 43. Ke2 Kf6 44. Ke3 Ke5 45. g4 Kf6 46.
Ke4 h5 47. gxh5 Kg5 48. h3 d5+ 49. Kxd5 Kxh5 50. Bf5 Kh4 51. Ke5 Kg3 52. a8=Q
52... Kf2 {Hossa resigns} 1-0

[Event "ICS rated blitz match"]
[Site "204.178.125.65"]
[Date "1999.10.16"]
[Round "?"]
[White "Botman"]
[Black "Hossa"]
[Result "1-0"]
[WhiteElo "2587"]
[BlackElo "2518"]
[PlyCount "157"]
[EventDate "1999.??.??"]

1. e4 c5 2. Nf3 d6 3. d4 cxd4 4. Nxd4 Nf6 5. Nc3 a6 6. Bg5 e6 7. f4 b5 8. e5
dxe5 9. fxe5 h6 10. Bxf6 gxf6 11. Qf3 Qxd4 12. Qxa8 Qxe5+ 13. Be2 Ba3 14. Nd1
Bb4+ 15. c3 Bc5 16. a4 Bd7 17. Qf3 Bc6 18. Qg3 Qxg3+ 19. hxg3 bxa4 20. Bf3 Bb5
21. Nf2 Nd7 22. Bd1 Bxf2+ 23. Kxf2 Nb6 24. g4 e5 25. Be2 Ke7 26. Rae1 Ke6 27.
Kg3 Nc4 28. Bxc4+ Bxc4 29. Re4 Kd5 30. Ree1 a5 31. Rd1+ Ke6 32. Rd2 Ke7 33. Ra1
Bb3 34. Re1 Rc8 35. Rd3 Rb8 36. Rd4 Rb6 37. Ree4 Ke6 38. Re1 Rc6 39. Rd3 Rc8
40. Rh1 Rh8 41. Rd2 Bc4 42. Rhd1 Bb5 43. Rd6+ Ke7 44. Rb6 Bd7 45. Rb7 Rd8 46.
Ra7 a3 47. bxa3 Ke6 48. c4 Ke7 49. c5 Ke8 50. Rxa5 Be6 51. Rxd8+ Kxd8 52. Ra7
Kc8 53. a4 Kb8 54. Re7 Bd5 55. a5 Kc8 56. a6 Kd8 57. Rb7 Bxb7 58. axb7 Kc7 59.
c6 Kb8 60. Kf3 Kc7 61. Ke4 Kb8 62. Kd5 Kc7 63. Kc5 e4 64. Kd4 e3 65. Kxe3 Kb8
66. Ke4 Kc7 67. Kf5 Kxc6 68. b8=Q Kd5 69. Qb7+ Kc4 70. Qxf7+ Kd3 71. Qxf6 Ke2
72. Qxh6 Kd3 73. g5 Kd4 74. g6 Kd5 75. g7 Kc5 76. g8=Q Kb4 77. Qb6+ Kc3 78.
Qgb3+ Kd2 79. Q6e3# {Hossa checkmated} 1-0

[Event "ICS rated blitz match"]
[Site "204.178.125.65"]
[Date "1999.09.01"]
[Round "?"]
[White "BountyHunter"]
[Black "Hossa"]
[Result "1-0"]
[WhiteElo "2817"]
[BlackElo "2521"]
[PlyCount "119"]
[EventDate "1999.??.??"]

1. e4 e5 2. Nf3 Nc6 3. d4 exd4 4. Nxd4 Qh4 5. Nb5 Qxe4+ 6. Be2 Nb4 7. Nxc7+ Kd8
8. Nxa8 Nxc2+ 9. Kf1 Nxa1 10. Bg5+ f6 11. Be3 Qc2 12. Qxc2 Nxc2 13. Bxa7 Bd6
14. Bb6+ Ke7 15. Nc3 Nb4 16. a3 Nc6 17. Be3 f5 18. Bg5+ Kf7 19. Nb5 Be5 20. f4
Bb8 21. Nac7 Nf6 22. Bc4+ Kg6 23. Bxf6 Kxf6 24. Nd5+ Kg6 25. Bd3 h5 26. Kf2 Re8
27. g3 d6 28. Rd1 Be6 29. Nbc7 Bxc7 30. Nxc7 Re7 31. Nxe6 Rxe6 32. Bc4 Rf6 33.
Bd5 Nd8 34. Rd4 h4 35. Rb4 hxg3+ 36. hxg3 Kh6 37. Bxb7 Nxb7 38. Rxb7 Re6 39.
Rb5 g6 40. Rd5 Kg7 41. b4 Kf7 42. Rd2 Ke7 43. Re2 Re4 44. Rxe4+ fxe4 45. Ke3 d5
46. g4 Ke6 47. Kd4 Ke7 48. b5 Kd6 49. f5 gxf5 50. gxf5 Kd7 51. b6 Kd6 52. f6 e3
53. Kxe3 Kc5 54. b7 Kc4 55. f7 d4+ 56. Kd2 d3 57. f8=Q Kd5 58. b8=Q Kc4 59.
Qbb4+ Kd5 60. Qfd6# {Hossa checkmated} 1-0